000
00244 a2200109 4500
001
44153
040
_c
Anchieta - Aquarius
240
1
0
_a
Pintando o sete na sua festa
_l
245
1
0
_a
Pintando o sete na sua festa
650
4
_a
Música
942
_c
MU
999
_c
44153
_d
44153